Tribhuvan University Central Library

Geography teaching (Record no. 19312)

MARC details
000 -LEADER
fixed length control field 006060000a22002650004500
082 ## - DEWEY DECIMAL CLASSIFICATION NUMBER
Classification number 910.7
Item number V43g
041 ## - LANGUAGE CODE
Language code of text/sound track or separate title Eng
100 ## - MAIN ENTRY--PERSONAL NAME
Personal name Varma, O.P.
100 ## - MAIN ENTRY--PERSONAL NAME
Personal name Vedanayagam, E.G.
245 ## - TITLE STATEMENT
Title Geography teaching
250 ## - EDITION STATEMENT
Edition statement 3rd rev. edn.
260 ## - PUBLICATION, DISTRIBUTION, ETC. (IMPRINT)
Place of publication, distribution, etc New Delhi
Name of publisher, distributor, etc Sterling Pub, India
260 ## - PUBLICATION, DISTRIBUTION, ETC. (IMPRINT)
Date of publication, distribution, etc 1987
300 ## - PHYSICAL DESCRIPTION
Extent xix, 350p.
Other physical details illus
500 ## - GENERAL NOTE
General note Bibliography: p.342-343
518 ## - DATE/TIME AND PLACE OF AN EVENT NOTE
Date/time and place of an event note 990723
530 ## - ADDITIONAL PHYSICAL FORM AVAILABLE NOTE
Additional physical form available note M
650 ## - SUBJECT ADDED ENTRY--TOPICAL TERM
Topical term or geographic name as entry element Geography
650 ## - SUBJECT ADDED ENTRY--TOPICAL TERM
Topical term or geographic name as entry element Teaching methods
650 ## - SUBJECT ADDED ENTRY--TOPICAL TERM
Topical term or geographic name as entry element Vegetation
650 ## - SUBJECT ADDED ENTRY--TOPICAL TERM
Topical term or geographic name as entry element Meteorology
650 ## - SUBJECT ADDED ENTRY--TOPICAL TERM
Topical term or geographic name as entry element Weather
650 ## - SUBJECT ADDED ENTRY--TOPICAL TERM
Topical term or geographic name as entry element Regional geography
942 ## - ADDED ENTRY ELEMENTS (KOHA)
Koha item type General Collections
Holdings
Withdrawn status Lost status Damaged status Not for loan Home library Current library Date acquired Total Checkouts Barcode Date last seen Price effective from
        Tribhuvan University Central Library Tribhuvan University Central Library 06/20/2010   G48857 06/20/2010 06/20/2010